000 00734nam a2200205 a 4500
001 000043346
005 20250909091243.0
008 140310s1989 sp 000 0 spa d
020 _a8472325113
040 _aDO-SdBNP
_bspa
_cBNPHU
100 1 _aMontiel, Luis
_970984
245 1 0 _aCon los ojos de Perséfone :
_buna lectura de Ernesto Sábato /
_cLuis Montiel.
260 _aMadrid :
_bCultura Hispánica,
_c1989.
300 _a95 p. ;
_c25 cm.
490 1 _aCuaderno de Documentación
_v2
500 _aIncluye referencias bibliográficas y notas al pie de las páginas
504 _aBibliografía : p. 93- 95
710 2 _aAgencia Española de Cooperación Internacional
_934585
830 0 _aCuaderno de Documentación
_v2
_970986
999 _c42835
_d42835